[Event "French Team Championships"]
[Site "Mulhouse FRA"]
[Date "2011.05.29"]
[EventDate "2011.05.26"]
[Round "4.4"]
[Result "1/2-1/2"]
[White "Marie Sebag"]
[Black "Jean-Rene Koch"]
[WhiteElo "2504"]
[BlackElo "2476"]
[PlyCount "203"]

1. e4 e5 2. Nf3 Nf6 3. Nxe5 d6 4. Nf3 Nxe4 5. d4 d5 6. Bd3 Nc6
7. O-O Bg4 8. c4 Nf6 9. Nc3 Bxf3 10. Qxf3 Nxd4 11. Qh3 dxc4
12. Bxc4 Be7 13. Bg5 Qc8 14. Qd3 Ne6 15. Bxf6 Bxf6 16. Nd5 Qd8
17. Nxf6+ Qxf6 18. Bxe6 fxe6 19. Qb5+ c6 20. Qxb7 O-O 21. b3
c5 22. Rac1 Qb2 23. Qe4 Qxa2 24. Qxe6+ Kh8 25. Rxc5 Rae8
26. Rf5 h6 27. Rxf8+ Rxf8 28. h3 a5 29. Qc4 Qd2 30. Qc5 Re8
31. Kh2 Qd3 32. Ra1 Qxb3 33. Rxa5 Qb8+ 34. g3 Qb2 35. Ra7 Qe5
36. Qxe5 Rxe5 37. Kg2 Kh7 38. Kf3 Kg6 39. g4 Rb5 40. Kg3 h5
41. Ra6+ Kf7 42. f4 hxg4 43. hxg4 g6 44. Ra7+ Kg8 45. Kh4 Kf8
46. Rc7 Ra5 47. Rc3 Kf7 48. Rc7+ Kf8 49. Kg3 Ra3+ 50. Kf2 Rb3
51. g5 Ra3 52. Rc6 Kf7 53. Rf6+ Kg7 54. Re6 Kf7 55. Re3 Ra1
56. Kf3 Rf1+ 57. Ke4 Ke6 58. Re2 Ra1 59. Kf3+ Kf7 60. Rc2 Re1
61. Rc7+ Kf8 62. Rd7 Kg8 63. Rd5 Kf7 64. Rd4 Re6 65. Re4 Ra6
66. Re5 Ra3+ 67. Re3 Ra1 68. Rb3 Re1 69. Rb7+ Kf8 70. Rb5 Kf7
71. Re5 Ra1 72. Rc5 Re1 73. Rc7+ Kf8 74. Rd7 Kg8 75. Rd4 Kf7
76. Re4 Ra1 77. Re3 Rf1+ 78. Ke4 Ke6 79. Re2 Ra1 80. Kf3+ Kf7
81. Re4 Ra3+ 82. Re3 Ra1 83. Rb3 Re1 84. Ra3 Re7 85. Ra1 Re6
86. Rd1 Re7 87. Rc1 Re6 88. Rc7+ Kf8 89. Rh7 Re1 90. Rh2 Kf7
91. Re2 Rf1+ 92. Rf2 Re1 93. Ra2 Re7 94. Rd2 Re1 95. Rd6 Re7
96. Rd1 Re6 97. Rd7+ Kf8 98. Rd5 Kf7 99. Re5 Ra6 100. Re4 Ra3+
101. Ke2 Ra2+ 102. Kd3 1/2-1/2

[Event "French Team Championships"]
[Site "Mulhouse FRA"]
[Date "2011.05.30"]
[EventDate "2011.05.26"]
[Round "5"]
[Result "1-0"]
[White "Laurent Fressinet"]
[Black "Marie Sebag"]
[WhiteElo "2677"]
[BlackElo "2504"]
[PlyCount "91"]

1. Nf3 d5 2. c4 c6 3. g3 Nf6 4. Bg2 dxc4 5. O-O g6 6. Na3 Qd5
7. Qc2 Be6 8. Qc3 Qh5 9. Nxc4 Bg7 10. Na5 O-O 11. d3 Nd5
12. Qc2 b6 13. Nc4 Bh3 14. d4 Nd7 15. e4 N5f6 16. Bxh3 Qxh3
17. Ng5 Qh5 18. f4 h6 19. Nf3 Qh3 20. Ne3 Qe6 21. Ne5 Nxe5
22. dxe5 Ng4 23. Nc4 h5 24. h3 b5 25. Na5 Nh6 26. Kg2 c5
27. Nb3 f5 28. Nxc5 Qc6 29. Be3 Rac8 30. Rac1 Rfd8 31. Qb3+
Kh8 32. Qe6 fxe4 33. Qxc6 Rxc6 34. Nxe4 Rdc8 35. Rxc6 Rxc6
36. Rc1 Rxc1 37. Bxc1 Kg8 38. Be3 Kf7 39. Ng5+ Ke8 40. Bxa7
Kd7 41. Bc5 Ng8 42. Kf3 Kc6 43. Ne6 Bxe5 44. fxe5 Kd5 45. Nf4+
Kxc5 46. Ke4 1-0

[Event "French Team Championships"]
[Site "Mulhouse FRA"]
[Date "2011.05.31"]
[EventDate "2011.05.26"]
[Round "6"]
[Result "1/2-1/2"]
[White "Marie Sebag"]
[Black "Andrei Sokolov"]
[WhiteElo "2504"]
[BlackElo "2573"]
[PlyCount "126"]

1. e4 c5 2. Nf3 e6 3. c3 d5 4. exd5 Qxd5 5. d4 Nf6 6. Be2 Nc6
7. O-O cxd4 8. cxd4 Be7 9. Nc3 Qd6 10. Nb5 Qd8 11. Bf4 Nd5
12. Bg3 O-O 13. Bc4 a6 14. Bxd5 axb5 15. Be4 Nb4 16. Qe2 f5
17. Bb1 Nd5 18. Be5 Bd7 19. Bc2 Bc6 20. Bb3 Qd7 21. Ne1 Nb4
22. Nd3 Nxd3 23. Qxd3 Bd5 24. Qg3 g6 25. Rfe1 Bxb3 26. Qxb3
Qd5 27. Qe3 Bf6 28. Rac1 Bxe5 29. dxe5 Rad8 30. Qb6 Qxa2
31. Rc7 Qd5 32. h3 f4 33. Rc5 Qd7 34. Rxb5 Rf7 35. Rc5 f3
36. g3 Kg7 37. Rec1 Qd2 38. R5c2 Qd5 39. Qe3 Qd4 40. Qxd4 Rxd4
41. Rc7 Rd1+ 42. Rxd1 Rxc7 43. g4 g5 44. Rd6 b5 45. Rxe6 Rc2
46. Rf6 Rxb2 47. Rxf3 Rc2 48. Rf5 h6 49. e6 Re2 50. Rxb5 Rxe6
51. Kg2 Ra6 52. Kg3 Ra3+ 53. f3 Rc3 54. Rf5 Ra3 55. h4 Kg6
56. h5+ Kg7 57. Rb5 Ra2 58. Rb7+ Kg8 59. Rb3 Kg7 60. Re3 Rb2
61. Re5 Ra2 62. Re7+ Kg8 63. Re3 Kg7 1/2-1/2

[Event "French Team Championships"]
[Site "Mulhouse FRA"]
[Date "2011.06.01"]
[EventDate "2011.05.26"]
[Round "7"]
[Result "1-0"]
[White "Marie Sebag"]
[Black "Mustapha Nezar"]
[WhiteElo "2504"]
[BlackElo "2405"]
[PlyCount "99"]

1. e4 e5 2. Nf3 Nf6 3. Nxe5 d6 4. Nf3 Nxe4 5. d4 d5 6. Bd3 Nd6
7. O-O Be7 8. Bf4 O-O 9. Re1 Be6 10. Nbd2 Nd7 11. c3 Re8
12. Qc2 Nf8 13. Re2 Bf6 14. Rae1 c6 15. h3 g6 16. Nf1 Bg7
17. N1h2 f6 18. Ng4 Qd7 19. Nh6+ Bxh6 20. Bxh6 Bf5 21. Nh2
Rxe2 22. Rxe2 Bxd3 23. Qxd3 Nf5 24. Ng4 Qd6 25. Qd2 Nxh6
26. Qxh6 f5 27. Nh2 Ne6 28. Nf3 Rf8 29. Re5 Qd7 30. h4 Ng7
31. Ng5 Nh5 32. Ne6 Re8 33. Qe3 Qd6 34. Nf4 Rxe5 35. dxe5 Qe7
36. Nxh5 gxh5 37. Qxa7 c5 38. Qb6 f4 39. a4 f3 40. g3 Qxe5
41. Qxc5 Kf7 42. a5 Kg6 43. Qe3 Qf5 44. Qb6+ Kg7 45. Qxb7+ Kg6
46. Qb6+ Kg7 47. Kh2 Qb1 48. Qd4+ Kg6 49. Qxd5 Qxb2 50. Qg5+
1-0

[Event "French Team Championships"]
[Site "Mulhouse FRA"]
[Date "2011.06.02"]
[EventDate "2011.05.26"]
[Round "8"]
[Result "1-0"]
[White "Marie Sebag"]
[Black "Peter Varga"]
[WhiteElo "2504"]
[BlackElo "2411"]
[PlyCount "127"]

1. e4 e5 2. Nf3 Nc6 3. Bb5 a6 4. Ba4 Nf6 5. O-O Be7 6. Re1 b5
7. Bb3 d6 8. c3 O-O 9. h3 Na5 10. Bc2 c5 11. d4 Qc7 12. Nbd2
Be6 13. d5 Bd7 14. Nf1 c4 15. Ng3 g6 16. Nh2 Ne8 17. Bh6 Ng7
18. f4 exf4 19. Bxf4 Nb7 20. Rf1 Rae8 21. Bh6 f6 22. Nf3 Nd8
23. Nd4 Nf7 24. Be3 Ne5 25. Kh1 Qc8 26. Kh2 Bd8 27. a4 Qb7
28. axb5 axb5 29. Rf2 Rf7 30. Qd2 Bb6 31. Raf1 Ref8 32. Nf3
Qa7 33. Bd4 Bc5 34. b4 cxb3 35. Bxb3 Qa3 36. Qa2 Nxf3+
37. Rxf3 Qxa2 38. Bxa2 Ra8 39. Bb1 Bxd4 40. cxd4 Ra4 41. e5
Bf5 42. e6 Re7 43. Bxf5 Nxf5 44. Nxf5 gxf5 45. Rg3+ Rg7
46. Rc1 Ra8 47. Rgc3 Rb7 48. Rc8+ Rxc8 49. Rxc8+ Kg7 50. Rd8
Kg6 51. Rxd6 b4 52. Rd7 Rb8 53. e7 Re8 54. d6 Kf7 55. Rd8 b3
56. d7 Rxe7 57. Rf8+ Kxf8 58. d8=Q+ Kf7 59. Qd5+ Kg7 60. Qxb3
Rd7 61. d5 f4 62. Qc4 Kg6 63. Qc6 Rd8 64. Qe6 1-0

[Event "1st Hangzhou Women's GM Tournament"]
[Site "Hangzhou CHN"]
[Date "2011.07.14"]
[EventDate "2011.07.14"]
[Round "1"]
[Result "1/2-1/2"]
[White "Marie Sebag"]
[Black "Nadezhda Kosintseva"]
[WhiteElo "2510"]
[BlackElo "2560"]
[PlyCount "61"]

1. e4 e5 2. Nf3 Nc6 3. Bb5 a6 4. Ba4 Nf6 5. O-O Be7 6. Re1 b5
7. Bb3 d6 8. c3 O-O 9. h3 Nb8 10. d4 Nbd7 11. Nbd2 Bb7 12. Bc2
Re8 13. a4 Bf8 14. Bd3 c6 15. b3 g6 16. Bb2 exd4 17. cxd4 d5
18. axb5 axb5 19. Rxa8 Bxa8 20. Qa1 dxe4 21. Bxe4 Bb7 22. Bc3
Nxe4 23. Rxe4 Rxe4 24. Nxe4 c5 25. Ned2 Qa8 26. Qxa8 Bxa8
27. dxc5 Bxf3 28. Nxf3 Bxc5 29. Bd4 Bxd4 30. Nxd4 Nc5 31. Nxb5
1/2-1/2

[Event "1st Hangzhou Women's GM Tournament"]
[Site "Hangzhou CHN"]
[Date "2011.07.15"]
[EventDate "2011.07.14"]
[Round "2"]
[Result "1-0"]
[White "Yifan Hou"]
[Black "Marie Sebag"]
[WhiteElo "2575"]
[BlackElo "2510"]
[PlyCount "63"]

1. e4 c5 2. Nf3 d6 3. d4 cxd4 4. Qxd4 Nc6 5. Bb5 Bd7 6. Bxc6
Bxc6 7. Nc3 Nf6 8. Bg5 e6 9. Qd3 Be7 10. Nd4 Qa5 11. Bd2 Qc7
12. O-O-O O-O 13. f4 Rab8 14. f5 Bd7 15. g4 Rfc8 16. g5 Ng4
17. Rhf1 Qc4 18. Qh3 Ne5 19. Nf3 b5 20. f6 Bf8 21. g6 fxg6
22. Nxe5 dxe5 23. f7+ Kh8 24. Rf3 h6 25. Bxh6 gxh6 26. Qg4 g5
27. Qh5 Kg7 28. Rh3 Kf6 29. Rxd7 b4 30. Qxh6+ Bxh6 31. Rxh6+
Kg7 32. f8=Q+ 1-0

[Event "1st Hangzhou Women's GM Tournament"]
[Site "Hangzhou CHN"]
[Date "2011.07.16"]
[EventDate "2011.07.14"]
[Round "3"]
[Result "1-0"]
[White "Marie Sebag"]
[Black "Nana Dzagnidze"]
[WhiteElo "2510"]
[BlackElo "2537"]
[PlyCount "112"]

1. e4 c5 2. Nf3 e6 3. c3 Nf6 4. e5 Nd5 5. d4 cxd4 6. cxd4 d6
7. Bc4 Be7 8. O-O O-O 9. Qe2 Nc6 10. Nc3 Nxc3 11. bxc3 dxe5
12. dxe5 Qc7 13. Qe4 b6 14. Bd3 g6 15. Bh6 Rd8 16. Qe3 Bb7
17. Be4 Rac8 18. Rfe1 Na5 19. Bxb7 Qxb7 20. Ng5 Rc4 21. Ne4
Qc7 22. Qf4 b5 23. Nf6+ Kh8 24. Re4 Nc6 25. Rxc4 bxc4 26. Ng4
Kg8 27. Qxc4 Rd5 28. Re1 Qd7 29. h3 Rd3 30. Qf4 Qd8 31. Re3
Rxe3 32. Qxe3 Qd1+ 33. Kh2 Qd5 34. Bg5 Qd8 35. Bxe7 Nxe7
36. Qxa7 h5 37. Nf6+ Kg7 38. Qd7 Qa5 39. f4 Qc5 40. Ne8+ Kh6
41. Qd4 Qa3 42. Qd2 Qc5 43. Nd6 Kg7 44. Ne8+ Kh6 45. h4 Nf5
46. Nd6 Kg7 47. Nxf5+ gxf5 48. a4 Qc4 49. Qd4 Qf1 50. a5 Qe1
51. Qd8 Qxc3 52. a6 Qe3 53. Qg5+ Kf8 54. Qg3 Qd4 55. Qa3+ Ke8
56. a7 Qxf4+ 1-0

[Event "1st Hangzhou Women's GM Tournament"]
[Site "Hangzhou CHN"]
[Date "2011.07.17"]
[EventDate "2011.07.14"]
[Round "4"]
[Result "1/2-1/2"]
[White "Marie Sebag"]
[Black "Dronavalli Harika"]
[WhiteElo "2510"]
[BlackElo "2513"]
[PlyCount "161"]

1. e4 e5 2. Nf3 Nc6 3. Bb5 a6 4. Ba4 Nf6 5. O-O b5 6. Bb3 Bc5
7. a4 Rb8 8. c3 d6 9. d4 Bb6 10. a5 Ba7 11. h3 O-O 12. Be3 Ra8
13. Nbd2 Bb7 14. Re1 exd4 15. cxd4 Nb4 16. Bg5 h6 17. Bh4 Nd3
18. Re3 Nf4 19. Bc2 Ng6 20. Bg3 c5 21. Nf1 Re8 22. d5 Nh5
23. Bh2 Nhf4 24. Re1 Qf6 25. b3 Ne5 26. Nxe5 dxe5 27. Ne3 Bc8
28. Nf5 c4 29. bxc4 bxc4 30. d6 Bxf5 31. exf5 Red8 32. Bxf4
exf4 33. Qd5 Qd4 34. Be4 Rab8 35. Qxd4 Bxd4 36. Ra4 Rb2
37. Rf1 Re2 38. Bd5 Rxd6 39. Bxc4 Re5 40. Bd3 Bxf2+ 41. Rxf2
Rxd3 42. Rfxf4 Rdd5 43. g4 Rxa5 44. Rxa5 Rxa5 45. Rc4 h5
46. Kg2 h4 47. Kf3 Kh7 48. Kf4 Kh6 49. g5+ Kh5 50. Rc7 Ra4+
51. Ke5 Kxg5 52. Rxf7 Kh6 53. Rc7 Ra5+ 54. Kf4 Ra4+ 55. Ke5
Ra3 56. Kf4 Rxh3 57. Kg4 Ra3 58. Rc6+ Kh7 59. Kxh4 a5 60. Rc7
Kg8 61. Kg5 Rg3+ 62. Kf4 Rg1 63. Ra7 Ra1 64. Kg5 a4 65. Kg6
Rg1+ 66. Kh5 Rf1 67. Rxa4 Rxf5+ 68. Kg6 Rf6+ 69. Kg5 Rb6
70. Ra3 Rh6 71. Rb3 Kh7 72. Rc3 Rh1 73. Rg3 g6 74. Kg4 Kh6
75. Rg2 g5 76. Kg3 Kh5 77. Re2 Ra1 78. Re4 Ra3+ 79. Kg2 g4
80. Re8 Ra5 81. Kg3 1/2-1/2

[Event "1st Hangzhou Women's GM Tournament"]
[Site "Hangzhou CHN"]
[Date "2011.07.20"]
[EventDate "2011.07.14"]
[Round "6"]
[Result "1-0"]
[White "Marie Sebag"]
[Black "Tatiana Kosintseva"]
[WhiteElo "2510"]
[BlackElo "2557"]
[PlyCount "127"]

1. e4 e5 2. Nf3 Nc6 3. Bb5 a6 4. Ba4 Nf6 5. O-O Be7 6. Re1 b5
7. Bb3 d6 8. c3 O-O 9. h3 Nb8 10. d4 Nbd7 11. Nbd2 Bb7 12. Bc2
Re8 13. Nf1 Bf8 14. Ng3 g6 15. Bg5 h6 16. Bd2 Bg7 17. a4 c5
18. d5 c4 19. b4 cxb3 20. Bxb3 Nc5 21. c4 Qd7 22. Ba5 Rec8
23. Bc2 bxc4 24. Nd2 Bxd5 25. exd5 Nb7 26. Bc3 Nxd5 27. Nb1
Qe6 28. Be4 Rc5 29. Bf3 Rd8 30. Ne4 Nxc3 31. Nbxc3 Rcc8
32. Ng5 hxg5 33. Bxb7 Rc7 34. Bd5 Qe7 35. Rb1 Kh7 36. Be4 Qe6
37. Bd5 Qe7 38. Bf3 Qe6 39. Nd5 Rc5 40. Qd2 Bh6 41. g4 Rdc8
42. Rb7 Bg7 43. Nc3 R5c7 44. Rb6 f5 45. Rxd6 Qe7 46. gxf5 gxf5
47. Bh5 Kh8 48. Bg6 Rf8 49. Rd1 e4 50. Rxa6 e3 51. fxe3 Qe5
52. Nd5 Rd7 53. Qe2 Qg3+ 54. Qg2 Qh4 55. Rf1 f4 56. e4 c3
57. Qg4 Qxg4+ 58. hxg4 Bd4+ 59. Kg2 Rb8 60. Bf5 Rdb7 61. Rh1+
Kg8 62. Rg6+ Kf8 63. e5 Bxe5 64. Be6 1-0

[Event "1st Hangzhou Women's GM Tournament"]
[Site "Hangzhou CHN"]
[Date "2011.07.21"]
[EventDate "2011.07.14"]
[Round "7"]
[Result "1/2-1/2"]
[White "Ju Wenjun"]
[Black "Marie Sebag"]
[WhiteElo "2515"]
[BlackElo "2510"]
[PlyCount "112"]

1. d4 d5 2. c4 c6 3. Nf3 Nf6 4. Nc3 e6 5. Bg5 h6 6. Bxf6 Qxf6
7. Qb3 a5 8. cxd5 exd5 9. a3 Nd7 10. e4 dxe4 11. Nxe4 Qf4
12. Bd3 Be7 13. O-O O-O 14. Rae1 a4 15. Qc2 Nf6 16. Ne5 Nxe4
17. Rxe4 Qf6 18. Re3 Be6 19. Rfe1 Bd6 20. Qe2 Rad8 21. Bc2 Bd5
22. Bxa4 Qf4 23. Qd3 Bxe5 24. Rxe5 Qg4 25. g3 Qh3 26. f3 g6
27. Bc2 Rd6 28. Qe3 Rf6 29. Be4 Rd8 30. Bxd5 cxd5 31. f4 Kg7
32. Rc1 h5 33. Qf3 h4 34. Qg2 Qd7 35. Rf1 Qa4 36. Qf2 hxg3
37. hxg3 Rc8 38. Rfe1 Rc2 39. R5e2 Rfc6 40. Qe3 Re6 41. Qd3
Rcxe2 42. Rxe2 Rxe2 43. Qxe2 Qxd4+ 44. Kg2 Qc5 45. g4 Qc6
46. Kg3 Kg8 47. Qe5 Qd7 48. Qd4 Qe6 49. g5 Qe1+ 50. Kf3 Qc1
51. Kg3 Qf1 52. Qxd5 Qe1+ 53. Kg2 Qe2+ 54. Kg3 Qe1+ 55. Kg2
Qe2+ 56. Kg3 Qe1+ 1/2-1/2

[Event "1st Hangzhou Women's GM Tournament"]
[Site "Hangzhou CHN"]
[Date "2011.07.22"]
[EventDate "2011.07.14"]
[Round "8"]
[Result "1-0"]
[White "Marie Sebag"]
[Black "Anna Zatonskih"]
[WhiteElo "2510"]
[BlackElo "2522"]
[PlyCount "161"]

1. e4 e6 2. d4 d5 3. Nd2 dxe4 4. Nxe4 Nd7 5. Nf3 Ngf6 6. Bd3
c5 7. O-O cxd4 8. Nxd4 Nxe4 9. Bxe4 Nf6 10. Bf3 Be7 11. Bf4
O-O 12. c3 Nd5 13. Bg3 Bf6 14. Nb5 Bd7 15. Qb3 Bc6 16. c4 Ne7
17. Nc7 Rb8 18. Rfd1 Qc8 19. Bg4 h5 20. Bxh5 Nf5 21. Nb5 Nxg3
22. Nxa7 Nxh5 23. Nxc8 Rfxc8 24. Qe3 Be7 25. a3 Ba4 26. b3 Be8
27. b4 Nf6 28. Rac1 Ra8 29. h3 Ra6 30. Rc3 Rac6 31. Rdc1 Nd7
32. R3c2 Nb6 33. c5 Nd5 34. Qb3 Ra6 35. b5 Ra5 36. a4 Bg5
37. Rd1 Be7 38. Rxd5 exd5 39. Qxd5 Rxa4 40. Qxb7 Rxc5 41. Qxe7
Rxc2 42. Qxe8+ Kh7 43. Qxf7 Rc1+ 44. Kh2 Rb4 45. Qf5+ Kg8
46. Qd5+ Kh7 47. Qd3+ Kg8 48. g4 Rc5 49. b6 Rcb5 50. g5 Kf7
51. Qd7+ Kg6 52. f4 Rxb6 53. Kg3 Rb7 54. Qe8+ Kf5 55. Qe5+ Kg6
56. h4 Kh7 57. h5 g6 58. Kg4 gxh5+ 59. Kxh5 R4b5 60. Qf6 R5b6
61. g6+ Kg8 62. Qd8+ Kg7 63. f5 Rb5 64. Qd4+ Kf8 65. Kh6 Ke8
66. Qh8+ Kd7 67. g7 Rxf5 68. Kg6 Rbb5 69. Qh3 Ke7 70. Qxf5
Rxf5 71. g8=Q Rf6+ 72. Kg5 Rf2 73. Qd5 Rf7 74. Qd4 Ke6
75. Qe4+ Kd6 76. Kg6 Re7 77. Qd4+ Ke6 78. Qd8 Rd7 79. Qe8+ Re7
80. Qc6+ Ke5 81. Qf6+ 1-0

[Event "1st Hangzhou Women's GM Tournament"]
[Site "Hangzhou CHN"]
[Date "2011.07.23"]
[EventDate "2011.07.14"]
[Round "9"]
[Result "1-0"]
[White "Zhao Xue"]
[Black "Marie Sebag"]
[WhiteElo "2470"]
[BlackElo "2510"]
[PlyCount "57"]

1. d4 d5 2. c4 c6 3. Nc3 Nf6 4. Nf3 e6 5. Qd3 dxc4 6. Qxc4 b5
7. Qd3 Bb7 8. a3 a6 9. e4 c5 10. Bg5 cxd4 11. Nxd4 Nbd7
12. Be2 Be7 13. Rd1 O-O 14. Qh3 Qb6 15. O-O Rfe8 16. Be3 Qc7
17. f4 e5 18. Nf5 Bc5 19. Bxc5 Nxc5 20. Qg3 g6 21. fxe5 Nfxe4
22. Nxe4 Nxe4 23. Nh6+ Kg7 24. Qh4 Re7 25. Kh1 Qxe5 26. Nxf7
Ng3+ 27. hxg3 Qxe2 28. Qf6+ Kf8 29. Qh8+ 1-0

[Event "European Individual Women's Championship"]
[Site "Gaziantep TUR"]
[Date "2012.03.02"]
[EventDate "2012.03.02"]
[Round "1"]
[Result "0-1"]
[White "Joanna Dworakowska"]
[Black "Marie Sebag"]
[WhiteElo "2304"]
[BlackElo "2512"]
[PlyCount "76"]

1. e4 c5 2. Nf3 d6 3. d4 cxd4 4. Nxd4 Nf6 5. Nc3 a6 6. Bg5 e6
7. f4 h6 8. Bh4 Qb6 9. a3 Be7 10. Bf2 Qc7 11. Qf3 Bd7
12. O-O-O Nc6 13. Be2 Rc8 14. Kb1 b5 15. Nb3 b4 16. axb4 Nxb4
17. Rd2 Bc6 18. Bd4 d5 19. Qg3 O-O 20. Be5 Qb6 21. Bd4 Qc7
22. Be5 Qb7 23. Bxf6 Bxf6 24. e5 Be7 25. Nd4 Bd7 26. Bf3 Rxc3
27. bxc3 Nd3+ 28. Nb3 Nc5 29. Qe1 Rb8 30. Bd1 a5 31. Rd4 Ne4
32. c4 a4 33. cxd5 exd5 34. Rxe4 dxe4 35. Qe3 axb3 36. cxb3
Bb5 37. Kb2 Bd3 38. f5 Qb4 0-1

[Event "European Individual Women's Championship"]
[Site "Gaziantep TUR"]
[Date "2012.03.03"]
[EventDate "2012.03.02"]
[Round "2"]
[Result "1-0"]
[White "Marie Sebag"]
[Black "Karina Szczepkowska-Horowska"]
[WhiteElo "2512"]
[BlackElo "2369"]
[PlyCount "95"]

1. e4 e5 2. Nf3 Nc6 3. Bb5 a6 4. Ba4 Nf6 5. O-O Be7 6. Re1 b5
7. Bb3 O-O 8. a4 b4 9. d4 d6 10. dxe5 Nxe5 11. Nxe5 dxe5
12. Qe2 Bb7 13. Rd1 Qe8 14. Nd2 Rd8 15. f3 Bc5+ 16. Kh1 Nh5
17. Nc4 Rxd1+ 18. Qxd1 Qe7 19. Be3 Nf4 20. Qe1 Bc8 21. Rd1 h6
22. Qd2 Bxe3 23. Nxe3 a5 24. Nd5 Qc5 25. Nxf4 exf4 26. Qxf4
Be6 27. Qd2 Qc6 28. h3 Kh7 29. Qd3 Qc5 30. Qd2 Qc6 31. e5 Bf5
32. Qd5 Qb6 33. Qd4 Qc6 34. Rd2 Kg8 35. Kh2 Be6 36. f4 Qa6
37. Rf2 Qc8 38. Qc5 Rd8 39. Qxa5 Rd1 40. Qxb4 Bxb3 41. cxb3
Qd8 42. Qe4 Rd4 43. Qc6 Rd3 44. e6 fxe6 45. Qxe6+ Kh8 46. Re2
Qd4 47. Qc8+ Kh7 48. Qf5+ 1-0

[Event "European Individual Women's Championship"]
[Site "Gaziantep TUR"]
[Date "2012.03.04"]
[EventDate "2012.03.02"]
[Round "3"]
[Result "0-1"]
[White "Natascha Bojkovic"]
[Black "Marie Sebag"]
[WhiteElo "2395"]
[BlackElo "2512"]
[PlyCount "82"]

1. e4 c5 2. Nf3 d6 3. d4 cxd4 4. Qxd4 Nc6 5. Bb5 Bd7 6. Qd3
Nf6 7. Bg5 Ng4 8. Nc3 h6 9. Bxc6 Bxc6 10. Bh4 g5 11. Bg3 Bg7
12. Nd4 Ne5 13. Qe2 Bd7 14. O-O Rc8 15. Nd5 e6 16. Ne3 h5
17. Rad1 a6 18. Rd2 Qb6 19. c3 Qc7 20. Rfd1 g4 21. f3 Bh6
22. Ndc2 gxf3 23. gxf3 Bb5 24. Qf2 h4 25. Bxh4 Bxe3 26. Nxe3
Rxh4 27. f4 Ng6 28. Ng2 Rh8 29. f5 Ne5 30. fxe6 fxe6 31. Rxd6
Qf7 32. Nf4 Bd7 33. Rf1 Qg7+ 34. Ng2 Rf8 35. Qe2 Rxf1+
36. Qxf1 Ke7 37. Rd2 Rf8 38. Rf2 Bb5 39. Qd1 Rxf2 40. Kxf2
Nd3+ 41. Kg1 Nxb2 0-1

[Event "European Individual Women's Championship"]
[Site "Gaziantep TUR"]
[Date "2012.03.05"]
[EventDate "2012.03.02"]
[Round "4"]
[Result "1-0"]
[White "Marie Sebag"]
[Black "Viktorija Cmilyte"]
[WhiteElo "2512"]
[BlackElo "2497"]
[PlyCount "85"]

1. e4 e5 2. Nf3 Nc6 3. Bb5 f5 4. d3 fxe4 5. dxe4 Nf6 6. O-O
Bc5 7. Qd3 Nd4 8. Nxd4 Bxd4 9. Nd2 Qe7 10. Nf3 Bc5 11. Bg5 c6
12. Bc4 d6 13. a3 Bg4 14. h3 Be6 15. b4 Bb6 16. Bxf6 Qxf6
17. a4 a6 18. b5 axb5 19. axb5 Ke7 20. Rab1 Rhb8 21. Rb3 Bd7
22. Rfb1 Qf4 23. Qe2 Bc5 24. Ne1 cxb5 25. Bxb5 Bxb5 26. Rxb5
b6 27. Nd3 Qf6 28. Nxc5 dxc5 29. R5b3 Ra4 30. Rd1 Rd4 31. Ra1
Rb7 32. Rf3 Qc6 33. Rf5 Rxe4 34. Rxe5+ Rxe5 35. Qxe5+ Kf7
36. Qh5+ Kf6 37. Qxh7 Re7 38. Ra3 Re1+ 39. Kh2 Qc7+ 40. Rg3
Re7 41. Qg6+ Ke5 42. c4 Rd7 43. Rg4 1-0

[Event "European Individual Women's Championship"]
[Site "Gaziantep TUR"]
[Date "2012.03.06"]
[EventDate "2012.03.02"]
[Round "5"]
[Result "1/2-1/2"]
[White "Valentina Gunina"]
[Black "Marie Sebag"]
[WhiteElo "2511"]
[BlackElo "2512"]
[PlyCount "90"]

1. d4 d5 2. c4 c6 3. Nf3 Nf6 4. Nc3 e6 5. Bg5 h6 6. Bxf6 Qxf6
7. e3 g6 8. Bd3 Bg7 9. O-O O-O 10. Re1 Nd7 11. e4 dxe4
12. Nxe4 Qf4 13. g3 Qc7 14. c5 b6 15. Rc1 bxc5 16. Nxc5 Nxc5
17. Rxc5 Bb7 18. h4 Rad8 19. h5 Rxd4 20. hxg6 Rd5 21. Rxd5
cxd5 22. Nh4 Qb6 23. Qe2 e5 24. gxf7+ Rxf7 25. Bf5 e4 26. Qg4
Bc8 27. Re2 Bxf5 28. Nxf5 Qe6 29. Ne3 Qxg4 30. Nxg4 Rc7
31. Ne3 Rc5 32. Kg2 a5 33. Nf5 h5 34. f3 exf3+ 35. Kxf3 Bf6
36. Rh2 Kf7 37. Rxh5 Bxb2 38. Ne3 Rc3 39. Ke2 Bc1 40. Nxd5
Rxg3 41. Nb6 Rg2+ 42. Kd1 Bg5 43. a4 Kg6 44. Rh8 Rd2+ 45. Ke1
Rd8 1/2-1/2

[Event "European Individual Women's Championship"]
[Site "Gaziantep TUR"]
[Date "2012.03.07"]
[EventDate "2012.03.02"]
[Round "6"]
[Result "1/2-1/2"]
[White "Marie Sebag"]
[Black "Cristina-Adela Foisor"]
[WhiteElo "2512"]
[BlackElo "2398"]
[PlyCount "111"]

1. e4 e5 2. Nf3 Nc6 3. Bb5 Nf6 4. O-O Nxe4 5. d4 Nd6 6. Bxc6
dxc6 7. dxe5 Nf5 8. Qxd8+ Kxd8 9. Nc3 Ke8 10. h3 Be7 11. g4
Nh4 12. Nxh4 Bxh4 13. Rd1 Be7 14. Kg2 h5 15. f3 Be6 16. Be3 a5
17. a4 Rd8 18. Ne2 Rxd1 19. Rxd1 Bd7 20. Bf2 Rh6 21. Nf4 hxg4
22. hxg4 Rh7 23. b3 b6 24. c4 Bg5 25. Nh5 c5 26. Bg3 g6
27. Nf4 Bxf4 28. Bxf4 Kd8 29. Bg5+ Kc8 30. Bf6 Rh6 31. Kg3 Rh7
32. f4 Rh6 33. Bg7 Rh7 34. Bf6 Rh6 35. Re1 Rh7 36. Rf1 Bc6
37. Bh4 Bd7 38. Be7 Bc6 39. Bh4 Bd7 40. Rf2 Bc6 41. f5 gxf5
42. gxf5 Rg7+ 43. Kf4 Bd7 44. Rh2 Kb7 45. Bg5 Rg8 46. Rh7 Be8
47. Rh6 Kc8 48. e6 fxe6 49. Rxe6 Bh5 50. Re7 Rf8 51. Rg7 Rf7
52. Rg8+ Kb7 53. Rd8 Bg6 54. Rd5 Bh7 55. Re5 Kc6 56. Bh6
1/2-1/2

[Event "European Individual Women's Championship"]
[Site "Gaziantep TUR"]
[Date "2012.03.10"]
[EventDate "2012.03.02"]
[Round "8"]
[Result "0-1"]
[White "Marie Sebag"]
[Black "Nino Khurtsidze"]
[WhiteElo "2512"]
[BlackElo "2447"]
[PlyCount "134"]

1. e4 c5 2. Nf3 e6 3. c3 Nf6 4. e5 Nd5 5. d4 cxd4 6. cxd4 d6
7. Bc4 Nc6 8. O-O Be7 9. Qe2 O-O 10. Nc3 dxe5 11. dxe5 Nxc3
12. bxc3 Qa5 13. Bd2 Rd8 14. Rfe1 Bd7 15. Bb3 Be8 16. Qe4 Qc5
17. Rac1 Na5 18. Bc2 g6 19. Nd4 Nc6 20. Nb3 Qd5 21. Qe2 b5
22. Bf4 Qc4 23. Qf3 b4 24. Be4 Rac8 25. cxb4 Qxb4 26. Qe3 a5
27. Nd2 Qa3 28. Nc4 Qxe3 29. fxe3 g5 30. Bg3 Bb4 31. Rf1 Ne7
32. Nd6 Rxc1 33. Rxc1 Bd2 34. Rc7 Bxe3+ 35. Bf2 Bxf2+ 36. Kxf2
Nd5 37. Rc5 a4 38. Bxd5 exd5 39. Rxd5 Bc6 40. Rc5 Bd7 41. Rc7
Be6 42. a3 Ra8 43. Rb7 Kg7 44. Ke3 Ra6 45. g4 Ra5 46. Kd4 Kg6
47. Rb6 Rd5+ 48. Ke4 Rd2 49. Nf5 Re2+ 50. Kd4 Rxh2 51. Ne7+
Kg7 52. Nf5+ Bxf5 53. gxf5 Rf2 54. e6 fxe6 55. fxe6 Kf6
56. e7+ Kxe7 57. Rb7+ Kf6 58. Rxh7 Rf3 59. Ke4 Kg6 60. Kxf3
Kxh7 61. Kg3 Kg6 62. Kg4 Kf6 63. Kg3 Ke5 64. Kg4 Kd4 65. Kxg5
Kc3 66. Kf4 Kb3 67. Ke3 Kxa3 0-1

[Event "European Individual Women's Championship"]
[Site "Gaziantep TUR"]
[Date "2012.03.12"]
[EventDate "2012.03.02"]
[Round "10"]
[Result "1-0"]
[White "Marie Sebag"]
[Black "Marina Romanko Nechaeva"]
[WhiteElo "2512"]
[BlackElo "2417"]
[PlyCount "57"]

1. e4 c6 2. d4 d5 3. e5 Bf5 4. Nf3 e6 5. Be2 c5 6. Be3 Qb6
7. Nc3 Nc6 8. O-O Qxb2 9. Qe1 c4 10. Rb1 Qxc2 11. Rxb7 Bb4
12. Rxb4 Nxb4 13. Bd1 Qd3 14. Ba4+ Kf8 15. Qa1 Bg4 16. Qb2 Rb8
17. Rb1 g5 18. Ne1 Qg6 19. Qa3 a5 20. Bc2 f5 21. Qxa5 Nc6
22. Rxb8+ Nxb8 23. Qb4+ Kg7 24. Qxb8 h6 25. Nb5 Ne7 26. Qb7
Qe8 27. Nd6 Qd8 28. Bd2 Kg6 29. f3 1-0

[Event "European Individual Women's Championship"]
[Site "Gaziantep TUR"]
[Date "2012.03.13"]
[EventDate "2012.03.02"]
[Round "11"]
[Result "1/2-1/2"]
[White "Elina Danielian"]
[Black "Marie Sebag"]
[WhiteElo "2478"]
[BlackElo "2512"]
[PlyCount "22"]

1. d4 d5 2. c4 c6 3. cxd5 cxd5 4. Nc3 Nf6 5. Nf3 Nc6 6. Bf4 a6
7. Rc1 Nh5 8. Bd2 Nf6 9. Bf4 Nh5 10. Bd2 Nf6 11. Bf4 Nh5
1/2-1/2